000 00377nam a2200145Ia 4500
008 240624s9999 xx 000 0 und d
041 _aeng
082 _a658.5 BUF
100 _aBUFFA ELWOOD S
245 _aMODERN PRODUCTION OPERATIONS MANAGEMENT
250 _a(8th ed.)
260 _c2014
_aNew Delhi
_bJohn Wiley
300 _axiv, : 834 : p. : cm. ; 24
365 _cRS
_b33
999 _c25510
_d25510